000 00433nam a2200157 i 4500
001 bg
245 0 _aMała encyklopedia logiki /
_cred. nauk. Witold Marciszewski ; aut. Kazimierz Czarnota [et al.].
250 _aWyd.2 zm.
260 _aWrocław,
_c1988.
700 1 _aMarciszewski, Witold.
_eRed.
700 1 _aCzarnota, Kazimierz
040 _cBPK
041 _apol
942 _cKS
008 s pl f |000 0 pol
999 _c28646
_d28646
856 _uhttp://koha.tu.koszalin.pl/cgi-bin/koha/opac-detail.pl?biblionumber=28646
_yKatalog online BPK